000 00732nam a2200205 i 4500
001 71891
003 ES-MaACL
005 20250808040852.0
007 t|
008 040819s1981 sp ||||1| spa d
100 1 _aGiedion, Sigfried.
_956681
245 1 3 _aEl presente eterno
_b: los comienzos de la arquitectura : una aportación al tema de la constancia y el cambio /
_cSigfried Giedion ; versión de Joaquín Fernández Bernaldo de Quirós.
260 _a[Madrid] :
_bAlianza,
_c[1981]
300 _a535 p., 38 lám. :
_bil. ;
_c23 cm.
490 1 _aAlianza forma
700 1 _aBernaldo de Quirós, Fernando.
_928217
830 0 0 _aAlianza forma
_9177869
852 _aES-MaACL
_jL-1963
_bR.102615
999 _c71891
_d71891